00597nam a2200205Ia 4500003000400000005001700004008004100021020001800062040000700080041000800087082001500095100003200110245002900142260004400171300000900215650002000224942001300244999001900257952011500276OSt20260325120937.0250729s2010 xx 000 0 und d a5551234107774 cAL aeng a930.7 RAGH aM.Raghavendra Prabu9230495 aHistory II P U text book aMangalorebJai Bhatrath Prakashanc2010 a363p aHistory9230496 2ddccBED c238810d238810 00104070aALbALd2025-07-29eManagement Booksl0o930.7 RAGHpBED04129r2025-07-29 16:57:01w2025-07-29yBK